| 000 | 01268cam a2200313 a 4500 | ||
|---|---|---|---|
| 001 | 2105482 | ||
| 003 | NUST-PNEC | ||
| 005 | 20170116180717.0 | ||
| 008 | 960222s1998 nyua b 001 0 eng | ||
| 010 | _a 96010769 | ||
| 020 | _a0387942009 | ||
| 040 | _cPNEC | ||
| 050 | 0 | 0 |
_aQA297 _b.R395 1998 |
| 082 | 0 | 0 | _a519.4028 RED |
| 100 | 1 | _aRedfern, Darren. | |
| 245 | 1 | 4 |
_aThe MATLAB 5 handbook / _cDarren Redfern, Colin Campbell. |
| 246 | 3 | _aMATLAB five handbook | |
| 260 |
_aNew York : _bSpringer, _cc1998. |
||
| 300 |
_axi, 488 p. : _bill. ; _c24 cm. |
||
| 500 | _aIncludes index. http://www.amazon.com/Matlab-Superscript-%C2%AE-Handbook/dp/0387942009/ref=sr_1_1?s=books&ie=UTF8&qid=1413886798&sr=1-1&keywords=0387942009 | ||
| 630 | 0 | 0 | _aMATLAB. |
| 650 | 0 |
_aNumerical analysis _xData processing. _xME, MIS |
|
| 700 | 1 |
_aCampbell, Colin, _d1959- |
|
| 856 | 4 | 2 |
_3Publisher description _uhttp://www.loc.gov/catdir/enhancements/fy0815/96010769-d.html |
| 856 | 4 | 1 |
_3Table of contents only _uhttp://www.loc.gov/catdir/enhancements/fy0815/96010769-t.html |
| 906 |
_a7 _bcbc _corignew _d1 _eocip _f19 _gy-gencatlg |
||
| 942 |
_2ddc _cBK |
||
| 999 |
_c61214 _d61214 |
||